ACP medicine : a publication of the American College of Physicians. (Record no. 38947)

MARC details
000 -LEADER
fixed length control field 00443nam a2200169Ia 4500
020 ## - INTERNATIONAL STANDARD BOOK NUMBER
ISBN 15471632
050 ## - CALL MARK
Classification number RC 55 .A37/
245 #0 - TITLE STATEMENT
Title ACP medicine : a publication of the American College of Physicians.
250 ## - EDITION / VOLUME STATEMENT
Edition / Volume statement 2004/2005 ed.-
260 ## - PUBLICATION, DISTRIBUTION, ETC. (IMPRINT)
Place of publication New York, -
260 ## - PUBLICATION, DISTRIBUTION, ETC. (IMPRINT)
Name of publisher N.Y. : WebMD,
260 ## - PUBLICATION, DISTRIBUTION, ETC. (IMPRINT)
Year of publication 2004
650 ## - SUBJECT ADDED ENTRY--TOPICAL TERM
Topical Term New York, -
942 ## - ADDED ENTRY ELEMENTS (KOHA)
Koha item type Books
Holdings
Withdrawn status Lost status Source of classification or shelving scheme Damaged status Not for loan Permanent Location Current Location Shelving location Date acquired Accession Number Price effective from Koha item type
    Library of Congress Classification     NILE UNIVERSITY OF NIGERIA - MAIN LIBRARY NILE UNIVERSITY OF NIGERIA - MAIN LIBRARY Items on shelf 06/03/2025 0184520 06/03/2025 Books